| 000 | 01883nam a22002897a 4500 | ||
|---|---|---|---|
| 003 | OSt | ||
| 005 | 20221014124947.0 | ||
| 008 | 220209s2014 ck a|||br|||| 000 j spa d | ||
| 020 | _a9789588827254 | ||
| 040 |
_aCO-JMCR _cCO-JMCR |
||
| 041 | 0 | _aspa | |
| 082 | 0 | 4 |
_aC / _bDEAd |
| 245 | 0 | 0 |
_aDe animales y de niños / _ceditor, Iván Hernández ; ilustradoras, Olga Lucía García y Paula Bossio |
| 250 | _aPrimera edición | ||
| 260 |
_aBogotá : _bMinisterio de Cultura, _c2014. |
||
| 300 |
_a32 páginas : _bilustraciones a color ; _c27 cm. |
||
| 490 | 0 |
_aLeer es mi cuento ; _v7 |
|
| 505 | 0 |
_tLos caballos que no querían amo / _rMiriam Eastman -- _tMemorias de un niño embustero / _rRafael Jaramillo Arango -- _tMinisurumbullo y el dulce de icaco / _rGabriela Mercedes Arciniega -- _tDe cómo la familia Chimp vino a la ciudad / _rSantiago Pérez Triana -- _tLa Cucarachita Martínez / _rRocío Vélez Piedraihita |
|
| 520 | 3 | _aLeer es mi cuento 7 reúne la historia de animales y de niños que quieren cambiar sus vidas. Todas ellas fueron inventadas por escritores colombianos que creen que la vida de los niños puede cambiar de una manera muy sencilla: basta con que se aficionen a leer libros que enseñen a pasarla bien. Y es que un libro con historias que nos hacen reír o que nos hacen llorar es el mejor medicamento, el más eficaz contra un terrible mal que muchos padecen y que es muy contagioso: el aburrimiento. Para combatirlo, en las bibliotecas de su bario y de su municipio usted hallará cientos, miles de libros como este que lo divertirán. | |
| 650 | 1 | 4 | _aAnimales en la literatura. |
| 650 | 2 | 4 | _aHistorias de aventuras. |
| 650 | 2 | 4 | _aCuentos infantiles colombianos. |
| 700 | 1 |
_aHernández, Iván, _eeditor _98307 |
|
| 700 | 1 |
_aGarcía, Olga Lucia, _eilustradora _940435 |
|
| 700 | 1 |
_aBossio, Paula, _eilustradora _941931 |
|
| 942 |
_2ddc _cBK |
||
| 999 |
_c15827 _d15827 |
||